| 000 | 00579nam 22002053 4500 | ||
|---|---|---|---|
| 001 | 200137 | ||
| 021 |
_aPT _b7209/84 |
||
| 090 | _a200137 | ||
| 100 | _a20260122d u||y0pory50 ba | ||
| 200 |
_aOs loucos de Kabul (2) _eo ranger da neve _fFranz Drappier |
||
| 210 |
_aLisboa _cMeribérica/ Liber _dD.L. 1984 |
||
| 215 |
_a48 p. _cil. ; brochado _d29 cm |
||
| 225 | _aLester Cockney | ||
| 606 |
_91586 _aDesenho ArtĂstico |
||
| 610 | _aBanda desenhada | ||
| 675 |
_a74 _vPT _zpor |
||
| 700 |
_915952 _aDrappier _bFranz _f1948-2003 |
||
| 801 |
_aPT _bBMMN _gRPC |
||
| 830 | _cIsabel | ||
| 990 | _cLIVROS | ||